000 00531nam a22001817a 4500
005 20240110141315.0
008 240110b |||||||| |||| 00| 0 eng d
020 _a0409037567
041 _aEnglish
082 _a346.7 KER
100 _aKerr, AJ
_lEnglish
245 _aThe Law of Sale and Lease /
_cAJ Kerr
250 _aThird Edition
260 _aDurban :
_bLexisNexis Butterworth,
_c2004
300 _bxviii, 565 pages ;
_c25 cm.
650 _aLegal practice
_bLaw
942 _cBK
_6ALISON_BN_VRIES
999 _c1219
_d1219